00359nam a2200109Ia 4500008004100000020000600041100003500047245001700082999001900099942002600118952010500144211105s9999 xx 000 0 und d a" aMcCallaghan, Marilee 9122992 0aGeente loot  c604471d604470 y296zPhillipina Naude 00104070aERMELLbERMELLd2021-11-08g49.99l0oLP AF MACCp33228014481962r2021-11-08w2021-11-08